000 01464namaa22003251i 4500
005 20260505120452.0
008 260420s1994 ua a|||frm||| 000 0 eng d
040 _aEG-GICUC
_beng
_cEG-GICUC
_dEG-GICUC
_erda
041 0 _aeng
_beng
_bara
049 _aDeposit
097 _aM.Sc
099 _aCai01.12.21.M.Sc.1994.Ho.E.
100 0 _aHossam Hassan Hussein Abbas,
_epreparation.
245 1 0 _aEffect of Lead on Some Physiological and biochemical aspects of nile tilapia :
_bOreochromis Niloticus /
_cBy Hossam Hassan Hussein Abbas ; Supeervised Dr. Haggag Ali Mohamed, Dr. Mohamed Assem Marei, Dr. Gamel El-Naggar
246 1 5 _aتاثير الرصاص علي بعض الصفات الفسيولوجية والبيوكيميائية لسمك البلطي النيلي :
_bاريوكرومس نيلوتكس /
264 0 _c1994.
300 _a99 Leaves :
_billustrations
_c30 cm. +
336 _2rda content
_atext
337 _2rdamedia
_aUnmediated
338 _2rdacarrier
_avolume
502 _aThesis (M.Sc.)-Cairo University, 1994
504 _aBibliography: pages 69-99
653 0 _aNile tilapia
700 0 _aHaggag Ali Mohamed
_ethesis advisor.
700 0 _aMohamed Assem Marei
_ethesis advisor.
700 0 _aGamal El-Naggar
_ethesis advisor.
900 _DDepartment of Zoology
_FFaculty of Science
_UCairo University
_b1994
_cHaggag Ali Mohamed
_cMohamed Assem Marei
_cGamal El-Naggar
905 _aNehad
_eNourhan
942 _2ddc
_cTH
_e21
_n0
999 _c179614